| 000 | 00636nam a22001697a 4500 | ||
|---|---|---|---|
| 008 | 231127b |||||||| |||| 00| 0 eng d | ||
| 020 | _a0-13-091590-4 | ||
| 050 | _aKF 242 .C72 D44 2002 | ||
| 100 | _aSCHMALLEGER,FRANK | ||
| 245 | _aTHE DEFINITIVE GUIDE TO CRIMINAL JUSTICE ANAD CRIMINOLOGY ON THE WORLD WIDE WEB | ||
| 250 | _a2ND.ED. | ||
| 260 |
_aUPPER SADDLE RIVER _bPRENTICE HALL _c2002 |
||
| 300 | _aVIII,166P. | ||
| 500 | _aINCLUDES BIBLIOGRAPHICAL REFERENCES AND INDEX | ||
| 650 | _aUnited States-Criminology--Computer network resources:Criminal justice, Administration of--Computer network resources | ||
| 942 |
_2lcc _cBK |
||
| 999 |
_c208475 _d208475 |
||